5HLuxD.jpg

KING HENRY VIII SENIOR AND PRIMARY SCHOOL LIBRARY OPAC

Industrial Britain 1750-1900 / (Record no. 4504)

000 -LEADER
fixed length control field 00618nam a22002177a 4500
003 - CONTROL NUMBER IDENTIFIER
control field OSt
005 - DATE AND TIME OF LATEST TRANSACTION
control field 20250226091642.0
008 - FIXED-LENGTH DATA ELEMENTS--GENERAL INFORMATION
fixed length control field 250226b ||||| |||| 00| 0 eng d
020 ## - INTERNATIONAL STANDARD BOOK NUMBER
International Standard Book Number 9781843039679
040 ## - CATALOGING SOURCE
Transcribing agency KH8
082 ## - DEWEY DECIMAL CLASSIFICATION NUMBER
Classification number 900 BOU
100 ## - MAIN ENTRY--PERSONAL NAME
Personal name Boughey, Nichola,
Relator term author.
245 ## - TITLE STATEMENT
Title Industrial Britain 1750-1900 /
Statement of responsibility, etc. Nichola Boughey.
260 ## - PUBLICATION, DISTRIBUTION, ETC.
Place of publication, distribution, etc. New York ;
Name of publisher, distributor, etc. Oxford University Press ,
Date of publication, distribution, etc. 2006.
300 ## - PHYSICAL DESCRIPTION
Extent 64 pages :
Other physical details illustrations ;
Dimensions 30 cm.
490 ## - SERIES STATEMENT
Series statement Specials!
650 ## - SUBJECT ADDED ENTRY--TOPICAL TERM
Topical term or geographic name entry element History
Form subdivision practice book
650 ## - SUBJECT ADDED ENTRY--TOPICAL TERM
Topical term or geographic name entry element History
Form subdivision practice & assessment
650 ## - SUBJECT ADDED ENTRY--TOPICAL TERM
Topical term or geographic name entry element History
Form subdivision workbook
942 ## - ADDED ENTRY ELEMENTS (KOHA)
Source of classification or shelving scheme
Koha item type Books - Non Ficton
Holdings
Withdrawn status Lost status Source of classification or shelving scheme Damaged status Not for loan Collection code Permanent Location Current Location Shelving location Date acquired Full call number Barcode Date last seen Price effective from Koha item type
          Non-Fiction KH8 Senior School Library KH8 Senior School Library Non Fiction 2025-02-26 900 BOU 3KHSL000102221 2025-02-26 2025-02-26 Books - Non Ficton

Powered By KH8 IT Dept